Rukoväť audítorských štandardov medzinárodný audítorský štandard (ISA) 800

Cieľom audítora je pri aplikácii ISA počas auditu účtovnej závierky zostavenej v súlade s rámcom pre osobitné účely venovať náležitú pozornosť prijatiu, plánovaniu a vykonaniu zákazky, ako aj formovanie názoru a vydaniu správy k účtovnej závierke. Rámcom na osobitné účely sa rozumie rámec účtovného...

Descrizione completa

Salvato in:
Dettagli Bibliografici
Autore principale: Krišková, Petra, 1981-
Altri autori: Užík, Ján, 1969-
Natura: Capitolo di libro
Lingua:slovacco
Soggetti:
Tags: Aggiungi Tag
Nessun Tag, puoi essere il primo ad aggiungerne!!

MARC

LEADER 00000naa a2200000 4500
001 0268867
005 20240502074219.5
041 0 |a slo 
044 |a SK 
245 1 0 |a Rukoväť audítorských štandardov  |b medzinárodný audítorský štandard (ISA) 800  |c Petra Krišková, Ján Užík 
520 |a Cieľom audítora je pri aplikácii ISA počas auditu účtovnej závierky zostavenej v súlade s rámcom pre osobitné účely venovať náležitú pozornosť prijatiu, plánovaniu a vykonaniu zákazky, ako aj formovanie názoru a vydaniu správy k účtovnej závierke. Rámcom na osobitné účely sa rozumie rámec účtovného výkazníctva navrhnutý pre potreby konkrétnych používateľov účtovných informácií. 
610 2 0 |a závierka účtovná 
610 2 0 |a audit 
610 2 0 |a štandardy medzinárodné 
610 2 0 |a zákazky 
100 1 |a Krišková, Petra, 1981- 
700 1 |a Užík, Ján, 1969-